000 01392cam a22002054a 4500
005 20250605163941.0
008 250528s ||||||||||||||||||||||||d
035 _a15039
020 _a582422272
040 _aGR-AtMCL
_bgre
_dGR-AtMCL
_eAACR2
245 1 _aBusiness Accounting 1 / Second Edition
250 _a2nd
260 _bLongman,
_c1972
300 _a438
520 _aPreface, The Accounting Equation and the Balance Sheet, The Double Entry System for Assets and Liabilities, The Asset Stock, Balancing Off Accounts and the Trial Balance, Trading and Profit and Loss Accounts and Balance Sheets, Accounting and Concepts and Conventions, Modern Methods of Proceeding Data, Bank Reconciliation Statements, The Journal, The Analytical Petty Cash Book and the Imprest System, Suspense Accounts and Types of Errors and Their Correction, Control Accounts, Incomplete Records and Single Entry, Receipts and Payments Accounts and Income and Expenditure Accounts, Manufacturing Accounts, Parthnership Accounts: An Introduction, Bills of Exchange, Goodwill, Parthnership Accounts Continued: Revaluation of Assets and Dissolution, Departmental Accounts, Joint Venture Accounts and Consignment Accounts, An Introduction to the Final Accounts of Limited Liability Companies, Answers to Exercises, Index.
700 1 _aWood Frank
_9873
942 _cBK
999 _c642
_d642